000 00332nam a22001337a 4500
008 250107b |||||||| |||| 00| 0 eng d
020 _a0300022174
050 _aHD1471
_b.P69
100 _aPOWELL, N. Lawrence
245 _aNew Masters
260 _aGreat Britain
_bYole University Press.
_c1980
300 _axiv, 251p.
942 _cBK
999 _c1883
_d1883